01070nam a2200265 a 4500001001000000003000400010005001700014008004100031040002500072082002900097100004900126245008000175250001400255260008700269300002700356500005000383500008200433590002800515650004200543650003200585910003700617942001400654952011900668999001700787000035184OSt20240513183244.0111025s1956 dr a 000 0 spa d aDO-SdBNPbspacBNPHU 4a374.0124bH519m 19562221 aHenríquez Almanzar, Carmen Adolfina95867110aAlfabetizador dominicano Margarita /cCarmen Adolfina Henríquez Almanzar. a17a. ed. aCiudad Trujillo, República Dominicana :bConsejo Nacional de Educación,c1956. a94 p. :bil. ;c23 cm. aA la cabeza del titulo : Método ideo-visual aAprobado por Resolución núm. 23´39 del Consejo Nacional de Educación  aInventariado, 2019 / DG 4aAlfabetización (Educación)977100 0aEducación primaria 91420 aValidado. Control de calidad MFF 2ddccLBS1 00102ddc718RVaBNPHUbPDcHDd2011-10-25l0oBNPHU PD-RV 374.0124 H519mp35184-10r2020-06-25w2020-06-25yLBS1 c34675d34675